Library Banner

Short textbook of pathology / (Record no. 124699)

MARC details
000 -LEADER
fixed length control field 00522nam a2200193 4500
005 - DATE AND TIME OF LATEST TRANSACTION
control field 20241204085923.0
008 - FIXED-LENGTH DATA ELEMENTS--GENERAL INFORMATION
fixed length control field 211116b ||||| |||| 00| 0 eng d
020 ## - INTERNATIONAL STANDARD BOOK NUMBER
International Standard Book Number 9789696371090
040 ## - CATALOGING SOURCE
Transcribing agency PK-LaUMT
082 ## - DEWEY DECIMAL CLASSIFICATION NUMBER
Classification number 616.07
Item number INA-S
100 ## - MAIN ENTRY--PERSONAL NAME
Personal name Inam Danish, Mohammad
245 ## - TITLE STATEMENT
Title Short textbook of pathology /
Statement of responsibility, etc by Mohammad Inam Danish
250 ## - EDITION STATEMENT
Edition statement 2nd rev. ed.
260 ## - PUBLICATION, DISTRIBUTION, ETC. (IMPRINT)
Place of publication, distribution, etc Karachi :
Name of publisher, distributor, etc Paramount Books,
Date of publication, distribution, etc 2016
300 ## - PHYSICAL DESCRIPTION
Extent 389 p.
650 ## - SUBJECT ADDED ENTRY--TOPICAL TERM
Topical term or geographic name as entry element Pathology
650 ## - SUBJECT ADDED ENTRY--TOPICAL TERM
Topical term or geographic name as entry element Etiology
942 ## - ADDED ENTRY ELEMENTS (KOHA)
Koha item type Books
Holdings
Withdrawn status Lost status Damaged status Home library Current library Date acquired Full call number Barcode Date last seen Price effective from Koha item type Copy number
      UMT Health Sciences Campus UMT Health Sciences Campus 2021-11-16 616.07 INA-S 139317 2026-05-21 2021-11-16 Books  
      UMT Health Sciences Campus UMT Health Sciences Campus 2024-11-12 616.07 INA-S 147901 2025-02-04 2024-11-12 Books C.2
      UMT Health Sciences Campus UMT Health Sciences Campus 2024-11-12 616.07 INA-S 147902 2026-04-29 2024-11-12 Books C.3
      UMT Health Sciences Campus UMT Health Sciences Campus 2024-11-12 616.07 INA-S 147903 2025-08-22 2024-11-12 Books C.4
      UMT Health Sciences Campus UMT Health Sciences Campus 2024-12-04 616.07 INA-S 148093 2025-05-30 2024-12-04 Books C.5
      UMT Health Sciences Campus UMT Health Sciences Campus 2024-12-04 616.07 INA-S 148094 2026-05-12 2024-12-04 Books C.6